| 000 | 00572nam a22001817a 4500 | ||
|---|---|---|---|
| 005 | 20161007113920.0 | ||
| 008 | 161007b xxu||||| |||| 00| 0 eng d | ||
| 050 | _aL UG1240.R6 1983 | ||
| 100 |
_aRobson, Antony _926584 |
||
| 245 |
_aAircraft of world war 3 _cby Robson, Antony |
||
| 260 |
_aGreenwich _bBison Books _c1983 |
||
| 300 |
_a190p.; _c29cm. |
||
| 650 |
_aNorthern Atlantic Treaty Organization _926585 |
||
| 650 |
_aWarsaw Treaty Organisation _926586 |
||
| 650 |
_aAirplanes, Military _926587 |
||
| 650 |
_aWorld War 3 _926588 |
||
| 942 |
_2lcc _cMONOGRAPH |
||
| 999 |
_c125462 _d125462 |
||